Statistics for A-Z Wikipedia Famous Person Quiz - Türkçe

Click here to take the quiz!

General Stats

  • This quiz has been taken 799 times
  • The average score is 14 of 30

Answer Stats

A-ZClue / IpucuWho? Kim?% Correct
AAvusturya doğumlu Alman asker ve diktatör (1889-1945)Adolf Hitler
94%
CPortekizli profesyonel futbolcu (1985-)Cristiano Ronaldo
91%
MTürkiye Cumhuriyeti’nin kurucusu ve ilk cumhurbaşkanı (1881-1938)Mustafa Kemal Atatürk
90%
FTürk futbolcu ve teknik direktör (1953-)Fatih Terim
86%
İ2. Türkiye cumhurbaşkanı (1884-1973)İsmet İnönü
86%
LArjantinli millî futbolcu (1987-)Lionel Messi
84%
NTürk millî halterci (1967-2017)Naim Süleymanoğlu
83%
R12. Türkiye cumhurbaşkanı (1954-)Recep Tayyip Erdoğan
74%
Zİsveçli futbolcu (1981-)Zlatan Ibrahimović
59%
DArjantinli futbolcu ve teknik direktör (1960-2020)Diego Maradona
58%
JGürcü asıllı Sovyet asker ve diktatör (1878-1953)Josef Stalin
57%
ŞTürk teknik direktör ve eski millî futbolcu (1952-)Şenol Güneş
54%
T8. Türkiye cumhurbaşkanı (1927-1993)Turgut Özal
52%
B16. Türkiye başkabanı (1925-2006)Bülent Ecevit
47%
HHaseki Sultan (1504-1558)Hürrem Sultan
47%
ÖTürk yazar (1884-1920)Ömer Seyfettin
46%
VMarksist kuramcı ve Sovyetler Birliği’nin kurucusu (1870-1924)Vladmir Lenin
42%
KOsmanlı Padişahı I. Ahmed’in nikâhlı eşi, IV. Murad ve I. İbrahim’in annesi (1589-1651)Kösem Sultan
41%
Gİtalyan astronom, fizikçi, mühendis, filozof ve matematikçi (1564-1642)Galileo Galilei
40%
WBritanyalı devlet adamı (1874-1965)Winston Churchill
40%
QAmerikalı yönetmen, yapımcı, senarist, oyuncu (1963-)Quentin Tarantino
32%
USuudi Arabistanlı terörist ve El-Kaide’nin kurucusu (1957-2011)Usame bin Ladin
30%
ÇTürk futbolcu (1996-)Çağlar Söyüncü
28%
ÜTürk siyasetçi (1961-)Ümit Özdağ
25%
P29. Osmanlı sadrazamı (1495-1536)Pargalı İbrahim Paşa
21%
STürk hikâye ve roman yazarı (1906-1954)Sait Faik Abasıyanık
20%
YTürk oyuncu, senarist, yönetmen ve yapımcı (1937-1984)Yılmaz Güney
12%
OTürk futbolcu (1987-)Olcay Şahan
7%
XHükümdar (1638-1715)XIV. Louis
3%
EÜrdünlü cihatçı (1966-2006)Ebu Musab ez-Zerkavi
2%

Score Distribution

Percentile by Number Answered

Percent of People with Each Score

Your Score History

You have not taken this quiz